000 00254nam a22000977a 4500
999 _c11640
_d11640
008 190923b ||||| |||| 00| 0 eng d
020 _a978938878823
100 _aGoyal
_97343
245 _aScore Well Mathematics-X
260 _aNew Delhi
_bGoyal Brothers
_c2019